| 000 | 01415nam a2200253Ia 4500 | ||
|---|---|---|---|
| 003 | Ost | ||
| 005 | 20260507075031.0 | ||
| 008 | 260507s9999||||xx |||||||||||||| ||und|| | ||
| 020 | _a180505977 | ||
| 040 | _cfsecg | ||
| 041 | _aara | ||
| 082 | _a330 | ||
| 100 |
_aغنيم، نبيل محمد _eمؤلف |
||
| 245 | 0 |
_aمقدمة في الإحصاء الوصفي والتطبيقي / _c نبيل محمد غنيم |
|
| 260 |
_aالقاهرة: _bمكتبة الأنجلومصرية, _c2001 |
||
| 300 |
_a297 صفحة؛ _bإيضاحات ؛ _c24 سم |
||
| 520 | _aعلم الإحصاء- جمع البيانات الإحصائية- التوزيعات التكرارية- العرض البياني للبيانات- مقاييس النزعة المركزية- مقاييس التشتت أو الإختلاف- العزوم الإلتواء والتفرطح- الإرتباط والإنحدار- الإنحدار والإرتباط الخطي المتعدد- السلاسل الزمنية- الأرقام القياسية- الإحصاءات السكانية | ||
| 653 | _aالإحصاء - المعاملات الإرتباطية | ||
| 653 | _aالإحصاء التطبيقي | ||
| 653 | _aالإحصاء الوصفي | ||
| 700 |
_a الأحمدي، عبد الهادي منصور _eمؤلف ثانوي |
||
| 700 |
_aلحربي، عبد الغني ابوالحسن _eمؤلف ثانوي |
||
| 942 | _cكتاب | ||
| 999 |
_c42401 _d42401 |
||